Modelovanie príjmov obyvateľstva Slovenskej republiky diplomová práca

Na minha lista:
Detalhes bibliográficos
Autor principal: Goga, Marek
Autor Corporativo: Fakulta hospodárskej informatiky EU. Katedra operačného výskumu a ekonometrie
Outros Autores: Domonkos, Tomáš
Formato: Livro
Idioma:eslovaco
Publicado em: Bratislava 2011
Tags: Adicionar Tag
Sem tags, seja o primeiro a adicionar uma tag!

MARC

LEADER 00000nbm a2200000 4500
001 0140698
005 20161109101943.7
041 0 |a slo 
044 |a SK 
245 1 0 |a Modelovanie príjmov obyvateľstva Slovenskej republiky  |b diplomová práca  |c Marek Goga ; školiteľ: Tomáš Domonkos 
264 1 |a Bratislava  |c 2011 
300 |a 69 s. 
100 1 |a Goga, Marek 
700 1 |a Domonkos, Tomáš 
710 2 |a Fakulta hospodárskej informatiky EU. Katedra operačného výskumu a ekonometrie